书目信息 |
| 书名: | Pocket pal | |
| 作者: | ||
| 分册号: | ||
| 分册名: | 出版地: | Memphis, TN (6400 Poplar Avenue, Memphis 38197) : |
|
| 出版社: | International Paper | |
| 出版时间: | c2003. | |
| 页数: | 259 p. : | |
| 开本: | 18 cm. | |
| 丛书名: | ||
| 中图分类号: | ||
| 科图分类号: | ||
| 其他分类号: | J06 | |
| 主题词: | ||
| 电子资源: | ||
| 000 | 00650cam a2200217 a 450 | |
| 001 | E0730479531 | |
| 005 | 20070711083827.71 | |
| 008 | 900207s2003 a f 000 0 eng | |
| 010 | @a90115109 | |
| 035 | @A(DLC) 90115109 | |
| 040 | @aDLC@cDLC@dDLC | |
| 050 | 00 | @aZ244.3@b.P64 1989 |
| 082 | 00 | @a686.2@2 20 |
| 090 | @aJ06 | |
| 099 | @dJ06@ex37=19 | |
| 245 | 00 | @aPocket pal :@ba graphic arts production handbook. |
| 250 | @a19th ed. | |
| 260 | @aMemphis, TN (6400 Poplar Avenue, Memphis 38197) :@bInternational Paper,@cc2003. | |
| 300 | @a259 p. :@bill. ;@c18 cm. | |
| 650 | 0 | @aPrinting@xHandbooks, manuals, etc. |
| 710 | 2 | @aInternational Paper Company. |
| Pocket pal : : a graphic arts production handbook.-19th ed.-Memphis, TN (6400 Poplar Avenue, Memphis 38197) : : International Paper, , c2003. |
| 259 p. : : ill. ; ; 18 cm. |
| ISBN |
| ● |
| 相关链接 |
|
|
|
|
正题名:Pocket pal
索取号:J06/x37=19
 
预约/预借
| 序号 | 登录号 | 条形码 | 馆藏地/架位号 | 状态 | 备注 |
| 1 | 0011840 | 300118405 | 第二样本阅览室/ [索取号:J06/x37=19] | 在馆 |